000 00624nam a22002537a 4500
003 UA-OsUOA
001 20352
007 ta
008 20031027b un ||||| |||| 00| 0 ukr d
100 _aЛесина Н. П.
090 _a913(470-571)
_bЛ51
942 _cBK
040 _aUA-OsUOA
_brus
_cUA-OsUOA
_dUA-OsUOA
245 _aПланерское (Коктебель)
300 _a88 с.
955 _a0
041 _arus
080 _a913(470-571)
260 _aСимферополь
_bКрым
_c1969
246 3 1 _aИздание 2-е, исправл
_n
044 _aUA
650 7 _2UDC
999 _c306529
_d306529